Tending forests in the tropics : a path between possibilities and necessities

Bibliographic Details
Main Author: BETHEL
Other Authors: Briggs
Format: Book
Published: Seattle, Washington : Institute of Forest Products , 1977
Series:Forest resources research reports; no. 33
Subjects:

MARC

LEADER 00000cam a2200000 7i4500
001 0000001776
005 20011119.0
090 0 0 |a 338.17498   |b BET 1977 
100 1 0 |a BETHEL   |h J. S. 
245 1 0 |a Tending forests in the tropics :   |b a path between possibilities and necessities   |c J. S. Bethel, D. G. Briggs 
260 0 0 |a Seattle, Washington :   |b Institute of Forest Products ,   |c 1977 
300 |a 28 p. :   |b ill. ;   |c 28 cm. 
440 0 0 |a Forest resources research reports; no. 33 
500 0 0 |a Bibliography : p. 24 
650 0 0 |a Forest products industry 
650 0 0 |a Forests and forestry 
700 0 1 |a Briggs   |h D. G. 
998 |a JPSM 
999 |a 0000002755   |b Monograph   |c Open Shelf   |e Default branch